000 00889nam2a2200229 4500
001 rc\2977004
005 20260315062006.0
035 _a(NLR Aleph) 007122645
090 _a13609083
_c13609083
100 _a20110909d1933 u y0rusy50 ca
101 0 _arus
102 _aRU
105 _ay z |||||
200 1 _aТрудовое политехническое отделение ...
210 _d1933
215 _a48 с.
461 0 _1001rc\2976998
_12001#$aПрограммы педагогических техникумов$vВып. 33
_96878474
_aРСФСР. Народный комиссариат просвещения
_c[Москва]
_d1933
_nНаркомпрос РСФСР
_tПрограммы педагогических техникумов
_vВып. 33
801 0 _aRU
_bNLR
_gpsbo
801 1 _aRU
_bELAR
_2rusmarc
852 _aNLR
_j33-17/116(33)
942 _cUNSPEC
980 _aNB